000 00429nam a22001457a 4500
005 20241209112422.0
008 241209b |||||||| |||| 00| 0 eng d
020 _a0465027458
050 _aT174.G476 2005
100 _aGERSHENFELD NEIL
245 _aFAB:THE COMING REVOLUTION ON YOUR DESKTOP-FROM PERSONAL COMPUTERS TO PERSONAL FABRICATION
260 _aNEWYORL
_bEASY READ LARGE
_c2005
300 _aX,381
942 _2lcc
_cBK
999 _c214131
_d214131